Statistics for Orange County States

Click here to take the quiz!

General Stats

  • This quiz has been taken 126 times
  • The average score is 6 of 8

Answer Stats

States% Correct
California
99%
Florida
94%
Texas
86%
New York
83%
Virginia
64%
North Carolina
61%
Vermont
51%
Indiana
45%

Score Distribution

Percentile by Number Answered

Percent of People with Each Score

Your Score History

You have not taken this quiz